African American figures - Statistics

General Stats
  • This quiz has been taken 42 times
  • The average score is 8 of 16
Answer Stats
Picture Answer % Correct
Martin Luther King
98%
Rosa Parks
95%
Barack Obama
93%
Michelle Obama
93%
Malcolm X
88%
Tupac
88%
Frederick Douglass
78%
Thurgood Marshall
55%
Marvin Gaye
35%
W.E.B Dubois
35%
Ruby Bridges
30%
Ida B. Wells
18%
Katherine Johnson
18%
Angela Davis
15%
Clodette Colvin
5%
Hiram Rhodes Revels
5%
No matching quizzes found
Score Distribution
Percent of People with Each Score
Percentile by Number Answered
Your Score History
You have not taken this quiz